Library Logo

Pioneer International University Library Catalogue

LIFE IN SPACE/ (Record no. 9826)

MARC details
000 -LEADER
fixed length control field 00414nam a22001457a 4500
003 - CONTROL NUMBER IDENTIFIER
control field OSt
005 - DATE AND TIME OF LATEST TRANSACTION
control field 20251118101033.0
008 - FIXED-LENGTH DATA ELEMENTS--GENERAL INFORMATION
fixed length control field 251118b |||||||| |||| 00| 0 eng d
040 ## - CATALOGING SOURCE
Transcribing agency LITTLE , BROWN & COMPANY LIMITED
050 ## - LIBRARY OF CONGRESS CALL NUMBER
Classification number TL 793 .W35 1969
Item number .W35 1969
245 ## - TITLE STATEMENT
Title LIFE IN SPACE/
Statement of responsibility, etc. MASON, ROBERT GRANT
250 ## - EDITION STATEMENT
Edition statement 1ST EDITION
260 ## - PUBLICATION, DISTRIBUTION, ETC.
Place of publication, distribution, etc. CANADA:
Name of publisher, distributor, etc. LITTLE, BROWN &COMPANY LIMITED,
Date of publication, distribution, etc. 1983
942 ## - ADDED ENTRY ELEMENTS (KOHA)
Source of classification or shelving scheme Library of Congress Classification
Koha item type Books
Suppress in OPAC No
Holdings
Withdrawn status Lost status Source of classification or shelving scheme Damaged status Not for loan Home library Current library Date acquired Total checkouts Barcode Date last seen Price effective from Koha item type
    Library of Congress Classification     PIU Library PIU Library 11/18/2025   PIUDL806 11/18/2025 11/18/2025 Books